00939cam a2200253 a 4500999001300000001000500013003000900018005001700027008004100044020001300085040003800098082002100136245010600157260004100263300003900304505001100343520007900354650002600433650003500459700001900494700001900513942001200532952014100544 c639d6399232BD-DhUAP20210118125857.0200126s2003 bg a 000 0 eng  a08512914 aBD-DhUAPcBD-DhUAPdBD-DhUAPbEng00a306.0492 IDE223 aIdentity, culture and politics : ban afro-asian dialogue /cedited by Imtiaz Ahmed and Ousmane Khan. aColumbia :bICES & cODESRIA,cc2003. avolumes :billustrations ;c25 cm. aV. 4-- aArticles on miscellaneous topics previously published in various journals. aCivilizationzAfrica  aInternational relationszAsia  aAhmed, Imtiaz  aKhan, Ousmane  2ddccBK 00102ddc4070aUAPCLbUAPCLcGeneral Stacksd2020-01-26l2m2o306.0492 IDE V-4p3010009232r2025-07-17s2025-04-15t1w2020-01-26yBK